Hi Fi Loudspeaker and Enclosures / (Record no. 183387)

000 -LEADER
fixed length control field 00564 a2200181 4500
003 - CONTROL NUMBER IDENTIFIER
control field Nust
005 - DATE AND TIME OF LATEST TRANSACTION
control field 20221229154414.0
040 ## - CATALOGING SOURCE
Transcribing agency Nust
082 ## - DEWEY DECIMAL CLASSIFICATION NUMBER
Classification number 621.3893,COH
100 ## - MAIN ENTRY--PERSONAL NAME
Personal name Cohen Abraham B
9 (RLIN) 106418
245 ## - TITLE STATEMENT
Title Hi Fi Loudspeaker and Enclosures /
Statement of responsibility, etc. Cohen Abraham B
260 ## - PUBLICATION, DISTRIBUTION, ETC.
Place of publication, distribution, etc. New York
Name of publisher, distributor, etc. John F Rider
Date of publication, distribution, etc. 1968
300 ## - PHYSICAL DESCRIPTION
Other physical details 360p
505 ## - FORMATTED CONTENTS NOTE
Formatted contents note Part 1 .The loudspeaker (Page-1), Part 2 : The enclosure (Page-165), Part 3: the room (Page-287).
600 ## - SUBJECT ADDED ENTRY--PERSONAL NAME
Personal name Abraham B. Cohen
9 (RLIN) 106419
650 ## - SUBJECT ADDED ENTRY--TOPICAL TERM
Topical term or geographic name entry element Hi-fi loudspeakers and enclosures
9 (RLIN) 106420
942 ## - ADDED ENTRY ELEMENTS (KOHA)
Source of classification or shelving scheme
Koha item type Book
Holdings
Withdrawn status Lost status Source of classification or shelving scheme Damaged status Not for loan Permanent Location Current Location Shelving location Date acquired Full call number Barcode Date last seen Price effective from Koha item type Public note
          Military College of Signals (MCS) Military College of Signals (MCS) General Stacks 12/12/2016 621.3893,COH MCS6652 12/08/2016 12/12/2016 Book Almirah No.39, Shelf No.6
© 2023 Central Library, National University of Sciences and Technology. All Rights Reserved.